00505nam a22001697a 4500008004100000020001500041040001500056050002600071100002000097245009500117250001200212260003200224300001600256650001800272650001700290700002800307200226b xxu||||| |||| 00| 0 eng d a1138063471 aKABUcKABU aQA241b.K73 2018 c. 1 aKraft, James S. aAn introduction to number theory with cryptographycJames S. Kraft, Lawrence C. Washington a2nd ed. aBoca RatonbCRC Pressc2018 axxi, 578 p. aNumber theory aCryptography aWashington, Lawrence C.